000 00776nam a22001697a 4500
005 20240906103657.0
010 _a07/24,CHHN
020 _a9788181713273
_c185.00
037 _bप्रतिमा प्रकाशन
082 _a
100 _aवर्मा,ईश्वर प्रसाद
_971213
245 _aपरिश्रम का फल/
_cईश्वर प्रसाद वर्मा
260 _aदिल्ली
_bप्रतिमा प्रकाशन
_c2023
270 _aR-2/29, रमेश पार्क, गुरुद्वारा रोड, लक्ष्मी नगर
_bदिल्ली
_e110092
300 _a112पृ.
_c22सेमी(सजिल्द)
942 _2ddc
_cCH
_mवर्माई
_h
999 _c205648
_d205648